000 00633nam a2200181 i 4500
001 116138
003 ES-MaACL
005 20230906190638.0
007 t|
008 061121s1965 sp |||| | spa d
100 1 _aParís Eguilaz, Higinio.
_989148
245 1 3 _aEl desarrollo económico español 1906-1964 /
_cpor Higinio Paris Eguilaz : prólogo por el prof. Pedro Gual Villalbi.
260 _aMadrid :
_b[s.n.],
_c1965 (
_fSucs. J. Sánchez de Ocaña y Cia)
300 _a289 p. ;
_c24 cm.
651 4 _aEspaña-
_xSituación económica-
_yS.XX.
_98505
700 1 _aGual Villalbí, Pedro.
_960287
852 _aES-MaACL
_jC-28990
999 _c116138
_d116138